000 00646nam a2200193 i 4500
001 180040
003 ES-MaACL
005 20230906220956.0
008 120403s1905 fr |||| | fre d
100 1 _aBuisson, Étienne.
_9149692
245 1 3 _aLa grève générale /
_cpar Étienne Buisson.
260 _aParis :
_bSociété Nouvelle de Librairie et d'Édition,
_c1905.
300 _a93 p. ;
_c16 cm.
490 1 _aBibliothèque socialiste ;
_v33
650 4 _aHuelgas generales.
_9149693
830 0 _aBibliothèque socialiste ;
_v33
_9185029
852 _aES-MaACL
_jD-2175(4)
_z.- Encuadernado en un vol. facticio
999 _c180040
_d180040